| 000 | 03819nam a2200301 4500 | ||
|---|---|---|---|
| 005 | 20170327151706.0 | ||
| 008 | 170327b19091919fr |||fr|||| 001 0 fre d | ||
| 040 |
_aCO-BoUCM _bspa _cSandra Yazo _dSandra Yazo |
||
| 041 | 0 | _afre | |
| 082 | 0 | 4 |
_220 _a337.3 |
| 092 | _aE43N032 | ||
| 100 | 1 |
_aColson, C. _d1853-1939 _q(Clément) _984890 |
|
| 242 | 0 | 0 |
_aCurso de Economía _bLibro primero [- sexto] _cdictado por Clemente Colson _yspa |
| 245 | 1 | 0 |
_aCours d’ Économie Politique ... _bLivre Premier [- sixième] _cpar C. Colson |
| 250 |
_aÉdition définitive [Edición definitiva] _brevue et considérablement augmentée [revisada y notablemente ampliada] |
||
| 260 |
_aParís (Francia) _bGautier-Villars et Cie. [Gautier-Villars y compañía] _bFélix Alcan _c1909 - 1918 |
||
| 300 |
_a6 volúmenes (555 ; 531 ; 456 ; 559 ; 475 ; 559 páginas) _c25 x 16 cm. |
||
| 490 | 0 | _aEncyclopédie des Travaux Publics [Enciclopedia de Obras Públicas] | |
| 500 | _aDetalles físicos: Encuadernación rígida (holandesa) en cartón forrado en papel jaspeado. Lomo de cuero con nervaduras sobre costuras y adornos en dorado. Guardas. Hoja de cortesía. Anteportada. Portada impresa en una sola tinta. Texto impreso en una columna. Papel semi-satinado. Notas de pie de página. Tablas, cuadros y gráficas. Índice. Tapas y lomos con residuos de cinta pegante, bordes y esquinas de tapas deterioradas. Cuero con raspaduras. V.2: Pág.165 con doblez, V.3: papel con deformación de plano por humedad | ||
| 505 | 0 | _aV.1: Introducción ; Teoría general de los fenómenos económicos ; Cuadro de conjunto del movimiento económico ; Características científicas de la economía política ; Teoría de la determinación de los precios ; Repartición de los productos en las empresas ; Progreso económico y reformas sociales -- V.2: Trabajo y temas obreros ; Población y productividad del trabajo ; Diversas organizaciones del trabajo ; Contrato laboral, los sindicatos y la regulación de salarios ; Seguridad social ; Caridad privada y asistencia pública ; Mejoramiento de las condiciones de los trabajadores -- V.3: La propiedad ; Caracteres generales ; Formas diversas de propiedad ; Gestión de derechos reales y transmisión de la propiedad ; Importancia económica y valor de las diferentes clases de bienes ; Monto de las riquezas: su reparto y el de las ganancias en las sociedades modernas -- V.4: Régimen general de las empresas y características de los actos de comercio ; Modalidades de pago: el papel moneda y la Banca ; Comercio mayorista y al por menor ; Concentración comercial ; Monopolios especulación ; El comercio internacional ; Efectos generales de la libertad de intercambio ; Efectos de la intervención estatal en las operaciones comerciales -- V.5: Los presupuestos, el Tesoro y las cuentas de los dineros públicos ; Deuda y bienes del Estado ; El crédito público ; El gasto público ; Teoría general de los impuestos ; Los impuestos en Francia ; Situación financiera de algunos Estados importantes ; Últimos presupuestos de Francia antes de la Guerra -- V.6: Teoría de los costos del transporte y peajes ; Situación de las redes principales de carreteras ; Medida de la utilidad de las vías de comunicación y valor que revierten ; Sistemas generales de tarifas ; Competencia y consorcios ; Papel del Estado y de la industria privada ; Intermediación financiera entre otorgante y concesionario ; La distribución de agua, electricidad y gas | |
| 506 | _aConsulta en sala | ||
| 546 | _aTexto en francés | ||
| 650 | 7 |
_938990 _aEconomía política _zFrancia |
|
| 650 | 7 |
_979381 _aEconomía política _xDiscursos, ensayos, conferencias _zFrancia |
|
| 650 | 7 |
_913709 _aEconomía política _xEnseñanza _zFrancia |
|
| 690 |
_aEconomía _9174 |
||
| 942 |
_2LOCAL _cLIBRO _e1 _hE43N032 |
||
| 999 |
_c306404 _d306404 |
||